| 000 | 00441nam a2200157 i 4500 | ||
|---|---|---|---|
| 001 | 37048 | ||
| 003 | ES-MaACL | ||
| 005 | 20230906155507.0 | ||
| 007 | t| | ||
| 008 | 030220s1914 fr ||||1| fre d | ||
| 100 | 1 |
_aBrunhes, Jean. _932179 |
|
| 245 | 1 | 3 |
_aLa géographie de l'histoire / _cpar Jean Brunhes. |
| 260 |
_aParis : _b[s.n., _c1914] ( _eVillefranche de Rouergue) |
||
| 300 |
_a70 p., 2 lám. ; _c23 cm. |
||
| 852 |
_aES-MaACL _jF-6847 |
||
| 999 |
_c37048 _d37048 |
||